NHL Teams With Least Followers on TikTok - Statistics

General Stats
  • This quiz has been taken 55 times
    4 since last reset
  • The average score is 7 of 10
Answer Stats
Number of Followers NHL Team % Correct
185.8K Calgary Flames
100%
173.4K Philadelphia Flyers
100%
115.9K Utah Mammoth
100%
161.6K Los Angeles Kings
67%
115.6K Nashville Predators
67%
161.5K New York Islanders
67%
105.8K Ottawa Senators
67%
172.6K St. Louis Blues
67%
174.3K Buffalo Sabres
33%
195.7K Columbus Blue Jackets
33%
No matching quizzes found
Score Distribution
Percent of People with Each Score
Percentile by Number Answered
Your Score History
You have not taken this quiz since the last reset